000
00302nam a22001337a 4500
003
SGT
082
_a
617.643
_b
F12C
100
_a
CHAUDHARY , ANSHUL
245
_a
FIXED FUNCTION APPLIANCES
260
_a
DELHI NCR
_b
SGTU GURUGRAM
_c
2012
300
_a
1-149
650
_a
ORTHODONTICS
942
_2
ddc
_c
TH
999
_c
18018
_d
18018